000
00314nam a22001337a 4500
008
170308b xxu||||| |||| 00| 0 eng d
020
_a
9780470084700
041
_a
eng
080
_2
3RD
_a
611
100
_a
6
101
_a
SHM
245
_a
LABORATORY MANUAL FOR ANATOMY AND PHYSIOLOGY
_c
ALLEN, C
942
_2
udc
_c
BK
999
_c
7218
_d
7218